[Event "Almeria Sola Memorial-B 2nd"]
[Site "Almeria"]
[Date "2015.12.18"]
[Round "1"]
[White "Serrano Cattoni, Francisco"]
[Black "Diaz Recena, Jose Manuel"]
[Result "1-0"]
[WhiteElo "1762"]
[BlackElo "1484"]
[PlyCount "41"]
[EventDate "2015.12.18"]
[EventType "swiss"]
[EventRounds "7"]
[EventCountry "ESP"]
[SourceTitle "CBM 170 Extra"]
[Source "ChessBase"]
[SourceDate "2016.02.25"]
[SourceVersion "1"]
[SourceVersionDate "2016.02.25"]
[SourceQuality "1"]

1. e4 e5 2. Nc3 Nf6 3. Bc4 Bb4 4. d3 d5 5. exd5 Nxd5 6. Qf3 Be6 7. Bd2 Bxc3 8. bxc3 0-0 9. Rb1 b6 10. Bb3 c6 11. Qg3 Qf6 12. Nf3 Nd7 13. Bg5 Qf5 14. h3 h6 15. Bxh6 Qf6 16. Bd2 a5 17. a4 Ne7 18. Bg5 Qf5 19. Bxe7 Rfe8 20. Qg5 f6 21. Qxf5 1-0